000 03148cam a22005894i 4500
003 PE-LiUPU
005 20250731173506.0
008 150623s1998 bl r 000 0 por d
020 _a8532604609
035 _a(Sirsi) i9788532604606
040 _aPE-LiUPU
_bspa
_cPE-LiUPU
_erda
049 _aPRUA
082 0 4 _a220.075
_bE1995
_221
110 2 _aInstituto Ecuménico de Pós-graduaçao em Ciencias da Religiao
245 1 0 _aBibliografía bíblica Latino-Americana 1995 -.
_n8.
264 1 _aSao Bernardo do Campo, S.P. :
_bEditora Vozes,
_c1998.
300 _a545 páginas ;
_c21 centímetros.
336 _atext
_2rdacontent
337 _aunmediated
_2rdamedia
338 _avolume
_2rdacarrier
490 0 _aCiencias da Religiao
500 _aTexto en inglés, español y portugués.
505 0 _aTexto -- Interpretacao -- Historia -- Bíblia -- Antigo Testamento -- Novo Testamento.
526 _aSEG42
526 _aSEG41
526 _aSEG40
526 _aSEG39
526 _aP94
526 _aP87
526 _aP86
526 _aP85
526 _aP77
526 _aP76
526 _aP35
630 _aBiblia
_xBibliografía
_zAmérica Latina.
942 _2ddc
_cBOOK
949 _a220.075 E 5 1992
_wDEWEY
_c1
_i40479
_lCCODEBUL1
_mBUL
_r0
_sY
_tBOOK
_u2015-4-23
_xTEOLOGIA
_zUNKNOWN
_0COMPRA
_o.STAFF. Colección General
949 _a220.075 E 5 1992
_wDEWEY
_c2
_i50161
_lCCODEBUL1
_mBUL
_r0
_sY
_tBOOK
_u2015-6-16
_xTEOLOGIA
_zUNKNOWN
_0COMPRA
_o.STAFF. Colección General
949 _a220.075 E 8 1995
_wDEWEY
_c1
_i46627
_lCCODEBUL1
_mBUL
_r0
_sY
_tBOOK
_u2015-6-24
_xTEOLOGIA
_PP35
_0COMPRA
_o.STAFF. Colección General
949 _a220.075 E7 1994
_wDEWEY
_c1
_i43885
_lCCODEBUL1
_mBUL
_r0
_sY
_tBOOK
_u2015-6-24
_xTEOLOGIA
_PP35
_0COMPRA
_o.STAFF. Colección General
949 _a220.075 E7 1994
_wDEWEY
_c2
_i44295
_lCCODEBUL1
_mBUL
_r0
_sY
_tBOOK
_u2015-6-24
_xTEOLOGIA
_zUNKNOWN
_0COMPRA
_o.STAFF. Colección General
949 _a220.075 E7 1994
_wDEWEY
_c3
_i42885
_lCCODEBUL1
_mBUL
_r0
_sY
_tBOOK
_u2015-6-24
_xTEOLOGIA
_zUNKNOWN
_0COMPRA
_o.STAFF. Colección General
994 _aC0
_bPEPRU
596 _a1
999 _a220.075 E 5 1992
_wDEWEY
_c58271
_i40479
_f2021-11-9
_g5
_lCCODEBUL1
_mBUL
_r0
_sY
_tBOOK
_u2015-4-23
_xTEOLOGIA
_zUNKNOWN
_0COMPRA
_o.STAFF. Colección General
_d58271
999 _a220.075 E 5 1992
_wDEWEY
_c2
_i50161
_f2021-11-9
_g5
_lCCODEBUL1
_mBUL
_r0
_sY
_tBOOK
_u2015-6-16
_xTEOLOGIA
_zUNKNOWN
_0COMPRA
_o.STAFF. Colección General
999 _a220.075 E7 1994
_wDEWEY
_c1
_i43885
_f2021-11-9
_g5
_lCCODEBUL1
_mBUL
_p13.77
_r0
_sY
_tBOOK
_u2015-6-24
_xTEOLOGIA
_PP35
_0COMPRA
_o.STAFF. Colección Teología
999 _a220.075 E7 1994
_wDEWEY
_c2
_i44295
_f2021-11-9
_g5
_lCCODEBUL1
_mBUL
_p13.77
_r0
_sY
_tBOOK
_u2015-6-24
_xTEOLOGIA
_PP35
_0COMPRA
_o.STAFF. Colección Teología
999 _a220.075 E7 1994
_wDEWEY
_c3
_i42885
_f2021-11-9
_g5
_lCCODEBUL1
_mBUL
_p13.77
_r0
_sY
_tBOOK
_u2015-6-24
_xTEOLOGIA
_PP35
_0COMPRA
_o.STAFF. Colección Teología
999 _a220.075 E 8 1995
_wDEWEY
_c1
_i46627
_f2021-11-9
_g5
_lCCODEBUL1
_mBUL
_p13.77
_r0
_sY
_tBOOK
_u2015-6-24
_xTEOLOGIA
_PP35
_0COMPRA
_o.STAFF. Colección Teología
980 _81
_gALBERTO SANCHEZ Responsable de Automatización